00770nam a2200157Ia 450000500170000000800410001708200170005824500300007526000760010530000170018150002640019870000310046294200060049395200980049999900150059720240422015654.0240331s9999 xx 000 0 und d bMIGa331.127 0aMigrant labour for sale ? aHong Kong :bChristian Conference of Asia - Urban Rural Mission /c1986 aii, 90 p .,  aLabour migrants keep on moving under tragic conditions, on the one hand, they succumb to the ' pull' of the host countries which promise immediate material well - being, on the other hand, the poverty and underdevelopment of their own countries push them out. aChristian conference.eedt cL 001040708LaWERCLbWERCLcSSCd2024-03-31l0o 331.127 MIGp412r2024-03-31w2024-03-31yL c4397d4397